Histoire 5 e.
Zapisane w:
| Główni autorzy: | , , |
|---|---|
| Format: | Książka |
| Język: | francuski |
| Wydane: |
París
Librairie Hatier
1964
|
| Seria: | Collection d'Histoire Hatier
|
| Hasła przedmiotowe: | |
| Etykiety: |
Dodaj etykietę
Nie ma etykietki, Dołącz pierwszą etykiete!
|
MARC
| LEADER | 00000nam a2200000 a 4500 | ||
|---|---|---|---|
| 001 | UCY9790 | ||
| 003 | CL-VaPUC | ||
| 008 | 950720e19640000FR |||||||||||||||||fre|d | ||
| 082 | 0 | 4 | |a 945.05 |b BOS |2 21 |
| 100 | 0 | |a Bossuat, A |e author |9 342343 | |
| 700 | 0 | |a Dauron, M |e author |9 342344 | |
| 700 | 0 | |a Devisse, J |e author |9 342345 | |
| 245 | 1 | 0 | |a Histoire 5 e. |
| 246 | 1 | 0 | |a Rome et le Moyen Age jusqu'en 1328 |
| 300 | |a 175 p | ||
| 942 | |c BK | ||
| 945 | |d 19950720 00:00:00 |a rbrito | ||
| 260 | |a París |b Librairie Hatier |c 1964 | ||
| 650 | 0 | |a Historia |9 255047 | |
| 650 | 0 | |a Edad media |9 258041 | |
| 650 | 0 | |a Enseñanza de la historia |9 307330 | |
| 651 | 0 | |a Roma |9 255106 | |
| 583 | |a last modification |c 19950720 00:00:00 |k Rodrigo Vera | ||
| 490 | 0 | |a Collection d'Histoire Hatier | |
| 999 | |c 236828 |d 236826 | ||
| 952 | |0 0 |1 0 |4 0 |6 945_050000000000000_BOS_1964 |7 0 |8 A |9 245166 |a BIBHIS |b BIBHIS |d 2019-11-18 |i 3109097 |o 945.05 BOS 1964 |p 3109097 |r 2025-01-20 |w 2019-11-18 |y BK |k HIS | ||